Header Image

Fundamentals of Python First Programs (Record no. 13607)

MARC details
000 -LEADER
fixed length control field 00348nam a2200145Ia 4500
005 - DATE AND TIME OF LATEST TRANSACTION
control field 20250508165024.0
008 - FIXED-LENGTH DATA ELEMENTS--GENERAL INFORMATION
fixed length control field 250508s9999||||xx |||||||||||||| ||und||
041 ## - LANGUAGE CODE
Language code of text/sound track or separate title English
082 ## - DEWEY DECIMAL CLASSIFICATION NUMBER
Classification number 5.133
Item number LAM
100 ## - MAIN ENTRY--PERSONAL NAME
Personal name Lambert, A, Kenneth
245 #0 - TITLE STATEMENT
Title Fundamentals of Python First Programs
260 ## - PUBLICATION, DISTRIBUTION, ETC.
Name of publisher, distributor, etc. Cengage
Date of publication, distribution, etc. 2019
300 ## - PHYSICAL DESCRIPTION
Extent 476p
942 ## - ADDED ENTRY ELEMENTS (KOHA)
Koha item type Book
Holdings
Withdrawn status Lost status Damaged status Not for loan Home library Current library Date acquired Source of acquisition Total checkouts Full call number Barcode Koha item type
        IILM-LR IILM-LR 01/05/2024 Purchased   5.133 LAM R0000275 Book
        IILM-LR IILM-LR 01/05/2024 Purchased   5.133 LAM R0000276 Book
        IILM-LR IILM-LR 01/05/2024 Purchased   5.133 LAM R0000277 Book
        IILM-LR IILM-LR 01/05/2024 Purchased   5.133 LAM R0000278 Book
        IILM-LR IILM-LR 01/05/2024 Purchased   5.133 LAM R0000279 Book
        IILM-LR IILM-LR 01/05/2024 Purchased   5.133 LAM R0000280 Book
        IILM-LR IILM-LR 01/05/2024 Purchased   5.133 LAM R0000281 Book
        IILM-LR IILM-LR 01/05/2024 Purchased   5.133 LAM R0000282 Book
© IILM-LR All rights reserved.
IILM-Lodhi Road
Contact :librarianlr@iilm.edu
Visitor Count: Visit counter For Websites